vincitori golden boy - Statistics

Statistiche generali
  • Questo quiz è stato fatto 886 volte
    686 dall'ultimo reset
  • Il punteggio medio è 12 su 22
Statistiche sulle risposte
ANNO NAZIONE GIOCATORE % Corretto
2024 SPAGNA YAMAL
96%
2020 NORVEGIA HAALAND
93%
2021 SPAGNA PEDRI
89%
2022 SPAGNA GAVI
88%
2017 FRANCIA MBAPPE
88%
2023 INGHILTERRA BELLINGHAM
85%
2005 ARGENTINA MESSI
84%
2019 PORTOGALLO JOAO FELIX
75%
2010 ITALIA BALOTELLI
61%
2018 OLANDA DE LIGT
60%
2013 FRANCIA POGBA
59%
2016 PORTOGALLO RENATO SANCHES
43%
2004 INGHILTERRA ROONEY
41%
2007 ARGENTINA AGUERO
33%
2011 GERMANIA GOTZE
33%
2009 BRASILE PATO
31%
2014 INGHILTERRA STERLING
31%
2015 FRANCIA MARTIAL
25%
2006 SPAGNA FABREGAS
21%
2012 SPAGNA ISCO
16%
2003 OLANDA VAN DER VAART
13%
2008 BRASILE ANDERSON
12%
Nessun quiz corrispondente trovato
Distribuzione punteggi
Percentuale di utenti per punteggio
Percentile per numero di risposta
I tuoi punteggi nel tempo
Non hai fatto questo quiz dall'ultimo reset